Normal view
MARC view
- بندق، انور
Entry Personal Name
001 - CONTROL NUMBER
- control field: 34351
003 - CONTROL NUMBER IDENTIFIER
- control field: JO-AjAnu
005 - DATE AND TIME OF LATEST TRANSACTION
- control field: 20230606075744.0
008 - FIXED-LENGTH DATA ELEMENTS
- fixed length control field: 230606|| aca||aabn | a|a d
040 ## - CATALOGING SOURCE
- Original cataloging agency: JO-AjAnu
- Transcribing agency: JO-AjAnu
100 ## - HEADING--PERSONAL NAME
- Personal name: بندق، انور
670 ## - SOURCE DATA FOUND
- Source citation: Work cat.: (JO-AjAnu)17645: بندق، انور, author, موسوعة القانون الدولي الانساني : مع نصوص القانون الاسلامي في هذا المجال